| 000 | 01046nam a2200313 i 4500 | ||
|---|---|---|---|
| 003 | DO-SdBNP | ||
| 005 | 20240711115430.0 | ||
| 006 | a||||er|||| 00| 0 | ||
| 007 | ta | ||
| 008 | 240710t2008 cu ||||| |||| 00| f spa d | ||
| 020 | _a9789591106094 | ||
| 040 |
_aDO-SdBNP _bspa _cBNPHU _erda |
||
| 082 | 4 |
_222 _bG216d |
|
| 100 | 1 |
_aGarcía Verdecia, Manuel _d1953- _eautor _q(Holguín) _986032 |
|
| 245 | 1 | 0 |
_aEl día de la cruz / _cManuel García Verdecia; editor, Oreste Solís Yero. |
| 264 | 4 |
_aSantiago de Cuba : _bEditorial Oriente, _c©2008 |
|
| 300 |
_a359 páginas ; _c19 cm. |
||
| 336 |
_2rdacontent _atexto _btxt |
||
| 337 |
_2rdamedia _asin mediación _bn |
||
| 338 |
_2rdacarrier _avolumen _bnc |
||
| 490 | 0 | _aHeredia / Narrativa | |
| 500 | _aIncluye datos biográficos del autor en la solapa de la cubierta. | ||
| 586 | _aJosé Soler Puig, 2007. | ||
| 590 | _aInventariado 2024 / MF | ||
| 650 | 4 |
_aLiteratura Cubana _91483 |
|
| 650 | 4 |
_aNovela Cubana _92316 |
|
| 700 | 1 |
_aSolís Yero , Orestes, _979188 _eeditor |
|
| 942 |
_2ddc _cLBS1 |
||
| 999 |
_c57245 _d57245 |
||